The World Book encyclopedia. (Record no. 43099)
[ view plain ]
| 000 -LEADER | |
|---|---|
| fixed length control field | 00648cam a2200229 a 4500 |
| 001 - CONTROL NUMBER | |
| control field | 11943975 |
| 005 - DATE AND TIME OF LATEST TRANSACTION | |
| control field | 20180222032739.0 |
| 008 - FIXED-LENGTH DATA ELEMENTS--GENERAL INFORMATION | |
| fixed length control field | 000316s2001 ilu be 001 0deng |
| 010 ## - LIBRARY OF CONGRESS CONTROL NUMBER | |
| LC control number | 00102466 |
| 020 ## - INTERNATIONAL STANDARD BOOK NUMBER | |
| International Standard Book Number | 071660101X (set) |
| 040 ## - CATALOGING SOURCE | |
| Original cataloging agency | DLC |
| Transcribing agency | DLC |
| 041 ## - LANGUAGE CODE | |
| Language code of text/sound track or separate title | eng |
| 080 ## - UNIVERSAL DECIMAL CLASSIFICATION NUMBER | |
| Universal Decimal Classification number | 030 cha |
| 100 ## - Rafti | |
| Rafti | 23 |
| 101 ## - Shkurtesa | |
| Shkurtesa | enc |
| 245 04 - TITLE STATEMENT | |
| Title | The World Book encyclopedia. |
| 246 18 - VARYING FORM OF TITLE | |
| Title proper/short title | World Book |
| 504 ## - BIBLIOGRAPHY, ETC. NOTE | |
| Bibliography, etc | Includes bibliographical references and index. |
| 906 ## - LOCAL DATA ELEMENT F, LDF (RLIN) | |
| a | 7 |
| b | cbc |
| c | orignew |
| d | 2 |
| e | epcn |
| f | 20 |
| g | y-gencatlg |
| 942 ## - ADDED ENTRY ELEMENTS (KOHA) | |
| Source of classification or shelving scheme | |
| Item type | Books |
| Withdrawn status | Lost status | Source of classification or shelving scheme | Damaged status | Not for loan | Collection code | Permanent location | Current location | Shelving location | Date acquired | Total Checkouts | Full call number | Barcode | Date last seen | Price effective from | Koha item type |
|---|---|---|---|---|---|---|---|---|---|---|---|---|---|---|---|
| Koleksioni i përgjithshem | UBT - Lipjan | UBT - Lipjan | Koleksioni i përgjithshem | 02/22/2018 | 030 cha | 002-2999909 | 02/22/2018 | 02/22/2018 | Books | ||||||
| Koleksioni i përgjithshem | UBT - Lipjan | UBT - Lipjan | Koleksioni i përgjithshem | 02/22/2018 | 030 cha | 002-2999904 | 02/22/2018 | 02/22/2018 | Books | ||||||
| Koleksioni i përgjithshem | UBT - Lipjan | UBT - Lipjan | Koleksioni i përgjithshem | 02/22/2018 | 030 cha | 002-2999850 | 02/22/2018 | 02/22/2018 | Books | ||||||
| Koleksioni i përgjithshem | UBT - Lipjan | UBT - Lipjan | Koleksioni i përgjithshem | 02/22/2018 | 030 cha | 002-2999855 | 02/22/2018 | 02/22/2018 | Books | ||||||
| Koleksioni i përgjithshem | UBT - Lipjan | UBT - Lipjan | Koleksioni i përgjithshem | 02/22/2018 | 030 cha | 002-299986 | 02/22/2018 | 02/22/2018 | Books | ||||||
| Koleksioni i përgjithshem | UBT - Lipjan | UBT - Lipjan | Koleksioni i përgjithshem | 02/22/2018 | 030 cha | 002-2999899 | 02/22/2018 | 02/22/2018 | Books | ||||||
| Koleksioni i përgjithshem | UBT - Lipjan | UBT - Lipjan | Koleksioni i përgjithshem | 02/22/2018 | 030 cha | 002-2999854 | 02/22/2018 | 02/22/2018 | Books | ||||||
| Koleksioni i përgjithshem | UBT - Lipjan | UBT - Lipjan | Koleksioni i përgjithshem | 02/22/2018 | 030 cha | 002-2999870 | 02/22/2018 | 02/22/2018 | Books |